Representatividad, disponibilidad y sobreconfianza (Registro nro. 17828)

Detalles MARC
000 -LEADER
fixed length control field 00427 a2200133 4500
001 - CONTROL NUMBER
control field ART_45511
005 - DATE AND TIME OF LATEST TRANSACTION
control field 20260410161731.0
008 - FIXED-LENGTH DATA ELEMENTS--GENERAL INFORMATION
fixed length control field 260409a
100 1# - MAIN ENTRY--PERSONAL NAME
Personal name Manzanal, Melisa
245 10 - TITLE STATEMENT
Title Representatividad, disponibilidad y sobreconfianza
700 1# - ADDED ENTRY--PERSONAL NAME
Personal name Milanesi, Gastón S.
700 1# - ADDED ENTRY--PERSONAL NAME
Personal name Vigier, Hernán
773 0# - HOST ITEM ENTRY
Title Escritos contables y de administración
Related parts - Vol. 7, Nº 2 (jul./dic. 2006)
Record control number REV2758

No hay ítems disponibles.